| 000 | 00935nas a2200289 4500 | ||
|---|---|---|---|
| 001 | BR0303806 | ||
| 003 | BR-BrBNA | ||
| 005 | 20231205103932.0 | ||
| 007 | ta | ||
| 008 | 230509b bl.|||p| |||| 00| 00por d | ||
| 040 |
_aBR-BrBNA _bpor _cBiblioteca Nacional de Agricultura |
||
| 041 | _a(Pt) | ||
| 072 | _aH10 | ||
| 100 | 1 | _aSato, M.E. | |
| 100 | 1 | _aSilva, M. da | |
| 100 | 1 | _aGonçalves, L.R. | |
| 100 | 1 | _aSouza Filho, M.F. de | |
| 100 | 1 | _aRaga, A. | |
| 245 | 1 | _aToxicidade diferencial de agroquímicos a Neoseiulus californicus (McGregor)(Acari: Phytoseiidae)e Tetranychus urticae Koch (Acari: Tetranychidae)em morangueiro | |
| 650 | _aMORANGO | ||
| 650 | _aTETRANYCHUS URTICAE | ||
| 650 | _aTOXIDEZ | ||
| 650 | _aCONTROLE QUÍMICO | ||
| 773 | 0 |
_tNeotropical Entomology (Brazil) _xISSN 1519-566X _g(Jul-Sep 2002), v. 31(3) p. 449-456 _wBR0303806 |
|
| 909 |
_a202311 _bLúcia _c55 _dLúcia Elande |
||
| 942 |
_2AGRIS _n0 _cANA |
||
| 999 |
_c175524 _d175524 |
||